000 00707nam a2200229 a 4500
008
020 _a1779003374 (pbk.)
049 _aMAIN
090 _aLC2605
245 0 0 _aFoundations of education for Africa /
_cedited by Munhuweyi Peresuh & Tichatonga J. Nhundu.
260 _aHarare, Zimbabwe :
_bCollege Press,
_c1999.
300 _a184 p. ;
_c21 cm.
440 0 _aNew directions in education.
504 _aIncludes bibliographical references.
700 1 _aPeresuh, Munhuweyi.
700 1 _aNhundu, Tichatonga J.
907 _a.b10127033
_b18-06-04
_c15-06-04
003
005 20230123133739.0
040 _cNUST
942 _cBOOKS
_kLC2605
999 _c153948
_d153948